书目信息 |
| 题名: |
公安执法与人权保障
|
|
| 作者: | 萧伯符 , 赵得刚 , 余涛 , 萧伯符 , 龚太华 编著 | |
| 分册: | ||
| 出版信息: | 北京 中国人民公安大学出版社 2006 |
|
| 页数: | 407页 | |
| 开本: | 21cm | |
| 丛书名: | ||
| 单 册: | ||
| 中图分类: | D922.144 | |
| 科图分类: | ||
| 主题词: | 公安机关--gong an ji guan--行政执法--研究--中国 , 人权--ren quan--保护--研究--中国 , 法律--中国 | |
| 电子资源: | ||
| ISBN: | 7-81109-301-4 | |
| 000 | 01072nam0 2200337 450 | |
| 001 | CAL 012006016340 | |
| 005 | 20061120160213.35 | |
| 010 | @a7-81109-301-4@dCNY 25.00 | |
| 099 | @aCAL 012006016340 | |
| 100 | @a20060303d2006 ekmy0chiy0121 ea | |
| 101 | 0 | @achi |
| 102 | @aCN@b110000 | |
| 105 | @ay a 000yy | |
| 200 | 1 | @a公安执法与人权保障@Agong an zhi fa yu ren quan bao zhang@f萧伯符等编著@Fxiao bo fu deng bian zhu |
| 210 | @a北京@c中国人民公安大学出版社@d2006 | |
| 215 | @a407页@d21cm | |
| 300 | @a湖北省教育厅重点科研项目。 | |
| 304 | @a责任者还有龚太华,赵得刚,余涛等。 | |
| 320 | @a有书目 (第404-407页)。 | |
| 606 | 0 | @a公安机关@Agong an ji guan@x行政执法@x研究@y中国 |
| 606 | 0 | @a人权@Aren quan@x保护@x研究@y中国 |
| 606 | 0 | @a法律@x中国 |
| 690 | @aD922.144@v4 | |
| 701 | 0 | @a萧伯符@Axiao bo fu@4编著 |
| 701 | 0 | @a赵得刚@Azhao de gang@4编著 |
| 701 | 0 | @a余涛@Ayu tao@4编著 |
| 701 | 0 | @a萧伯符@Axiao bo fu@4编著 |
| 701 | 0 | @a龚太华@Agong tai hua@4编著 |
| 801 | @aCN@c20061120 | |
| 905 | @a10447@dD922.144@eX299 | |
| 998 | @aTSU | |
| 公安执法与人权保障/萧伯符等编著.-北京:中国人民公安大学出版社,2006 |
| 407页;21cm |
| 湖北省教育厅重点科研项目。 |
| ISBN 7-81109-301-4:CNY 25.00 |
| ● |
| 相关链接 |
|
|
|
正题名:公安执法与人权保障
索取号:D922.144/X299
 
预约/预借
| 序号 | 登录号 | 条形码 | 馆藏地/架位号 | 状态 | 备注 |
| 1 | 611152 | 206111526 | 社科库509/509社科库 85排1列6层/ [索取号:D922.144/X299] | 在馆 | |
| 2 | 611153 | 206111535 | 社科库509/509社科库 85排1列6层/ [索取号:D922.144/X299] | 在馆 | |
| 3 | 611154 | 206111544 | 社科库509/509社科库 85排1列6层/ [索取号:D922.144/X299] | 在馆 |